[Event "Stay Safe Play From Home 313"]
[Site "Emanuel Lasker Arena"]
[Date "2020.07.19"]
[Round "2"]
[White "Justwatch"]
[Black "SoulofWolf"]
[Result "0-1"]
[WhiteElo "1586"]
[BlackElo "2225"]
[PlyCount "102"]
[EventDate "2020.07.19"]
[EventType "swiss (blitz)"]

1. e4 {[%emt 0:00:01]} e6 {[%emt 0:00:00]} 2. Nf3 {[%emt 0:00:02]} c5 {[%emt 0:00:00]} 3. Nc3 {[%emt 0:00:02]} Nc6 {[%emt 0:00:00]} 4. Bb5 {[%emt 0:00:01]} Qb6 {[%emt 0:00:01]} 5. Bxc6 {[%emt 0:00:00]} bxc6 {[%emt 0:00:01]} 6. d3 {[%emt 0:00:00]} g6 {[%emt 0:00:01]} 7. b3 {[%emt 0:00:00]} Bg7 {[%emt 0:00:00]} 8. Bd2 {[%emt 0:00:00]} Ne7 {[%emt 0:00:01]} 9. Rb1 {[%emt 0:00:00]} d5 {[%emt 0:00:01]} 10. exd5 {[%emt 0:00:01]} cxd5 {[%emt 0:00:01]} 11. Na4 {[%emt 0:00:00]} Qc7 {[%emt 0:00:01]} 12. O-O {[%emt 0:00:01]} O-O {[%emt 0:00:00]} 13. Qc1 {[%emt 0:00:00]} Re8 {[%emt 0:00:02]} 14. Bh6 {[%emt 0:00:01]} Bh8 {[%emt 0:00:00]} 15. Be3 {[%emt 0:00:01]} d4 {[%emt 0:00:02]} 16. Bg5 {[%emt 0:00:01]} Nf5 {[%emt 0:00:01]} 17. Qf4 {[%emt 0:00:02]} e5 {[%emt 0:00:02]} 18. Qd2 {[%emt 0:00:03]} Bd7 {[%emt 0:00:01]} 19. g4 {[%emt 0:00:01]} Nd6 {[%emt 0:00:03]} 20. h3 {[%emt 0:00:01]} f6 {[%emt 0:00:01]} 21. Bh4 {[%emt 0:00:02]} Bxa4 {[%emt 0:00:02]} 22. bxa4 {[%emt 0:00:01]} Nf7 {[%emt 0:00:02]} 23. Bg3 {[%emt 0:00:01]} Re7 {[%emt 0:00:01]} 24. Nh4 {[%emt 0:00:01]} Rd8 {[%emt 0:00:02]} 25. Rfe1 {[%emt 0:00:01]} Rde8 {[%emt 0:00:01]} 26. Qe2 {[%emt 0:00:01]} Qd6 {[%emt 0:00:01]} 27. Qf3 {[%emt 0:00:01]} Bg7 {[%emt 0:00:01]} 28. Rb7 {[%emt 0:00:01]} Ng5 {[%emt 0:00:03]} 29. Rxe7 {[%emt 0:00:03]} Rxe7 {[%emt 0:00:02]} 30. Qa8+ {[%emt 0:00:03]} Kf7 {[%emt 0:00:02]} 31. Ng2 {[%emt 0:00:02]} Qd7 {[%emt 0:00:05]} 32. Kh1 {[%emt 0:00:01]} Qb7 {[%emt 0:00:01]} 33. Qxb7 {[%emt 0:00:01]} Rxb7 {[%emt 0:00:00]} 34. Kh2 {[%emt 0:00:00]} Nf3+ {[%emt 0:00:01]} 35. Kh1 {[%emt 0:00:02]} Nxe1 {[%emt 0:00:00]} 36. h4 {[%emt 0:00:00]} Rb1 {[%emt 0:00:01]} 37. Kh2 {[%emt 0:00:01]} Nxc2 {[%emt 0:00:01]} 38. Kh3 {[%emt 0:00:00]} Nb4 {[%emt 0:00:01]} 39. Bh2 {[%emt 0:00:01]} Nxd3 {[%emt 0:00:01]} 40. Kg3 {[%emt 0:00:00]} Rb2 {[%emt 0:00:01]} 41. h5 {[%emt 0:00:01]} Nxf2 {[%emt 0:00:01]} 42. hxg6+ {[%emt 0:00:01]} hxg6 {[%emt 0:00:01]} 43. Nh4 {[%emt 0:00:00]} Ne4+ {[%emt 0:00:01]} 44. Kf3 {[%emt 0:00:01]} Ng5+ {[%emt 0:00:01]} 45. Kg3 {[%emt 0:00:02]} Rxa2 {[%emt 0:00:00]} 46. Nf3 {[%emt 0:00:01]} Ra3 {[%emt 0:00:01]} 47. Kg2 {[%emt 0:00:00]} Rxf3 {[%emt 0:00:01]} 48. Bxe5 {[%emt 0:00:00]} d3 {[%emt 0:00:01]} 49. a5 {[%emt 0:00:01]} d2 {[%emt 0:00:01]} 50. Bc3 {[%emt 0:00:01]} d1=Q {[%emt 0:00:01]} 51. Be1 {[%emt 0:00:00]} Qe2+ {[%emt 0:00:01] Justwatch terk eder (Lag: Av=0.37s, max=0.6s)} 0-1

[Event "Stay Safe Play From Home 313"]
[Site "Emanuel Lasker Arena"]
[Date "2020.07.19"]
[Round "3"]
[White "SoulofWolf"]
[Black "Bardellosport"]
[Result "0-1"]
[WhiteElo "2226"]
[BlackElo "2018"]
[PlyCount "72"]
[EventDate "2020.07.19"]
[EventType "swiss (blitz)"]

1. d4 {[%emt 0:00:00]} d6 {[%emt 0:00:01]} 2. Nf3 {[%emt 0:00:00]} f5 {[%emt 0:00:00]} 3. c4 {[%emt 0:00:00]} Nf6 {[%emt 0:00:00]} 4. e3 {[%emt 0:00:01]} g6 {[%emt 0:00:00]} 5. Bd3 {[%emt 0:00:00]} Bg7 {[%emt 0:00:00]} 6. Qc2 {[%emt 0:00:00]} O-O {[%emt 0:00:00]} 7. O-O {[%emt 0:00:00]} Nc6 {[%emt 0:00:00]} 8. Nc3 {[%emt 0:00:00]} e5 {[%emt 0:00:00]} 9. a3 {[%emt 0:00:01]} e4 {[%emt 0:00:01]} 10. Be2 {[%emt 0:00:01]} exf3 {[%emt 0:00:01]} 11. Bxf3 {[%emt 0:00:00]} Qe7 {[%emt 0:00:00]} 12. b4 {[%emt 0:00:01]} Ne4 {[%emt 0:00:01]} 13. Bb2 {[%emt 0:00:00]} Nxc3 {[%emt 0:00:01]} 14. Bxc3 {[%emt 0:00:00]} Bd7 {[%emt 0:00:01]} 15. b5 {[%emt 0:00:00]} Nd8 {[%emt 0:00:01]} 16. a4 {[%emt 0:00:00]} Rb8 {[%emt 0:00:01]} 17. a5 {[%emt 0:00:01]} b6 {[%emt 0:00:01]} 18. Bd5+ {[%emt 0:00:01]} Be6 {[%emt 0:00:01]} 19. Qb3 {[%emt 0:00:02]} Bxd5 {[%emt 0:00:01]} 20. cxd5 {[%emt 0:00:00]} Nb7 {[%emt 0:00:02]} 21. a6 {[%emt 0:00:02]} Na5 {[%emt 0:00:01]} 22. Bxa5 {[%emt 0:00:01]} bxa5 {[%emt 0:00:00]} 23. Rxa5 {[%emt 0:00:00]} f4 {[%emt 0:00:00]} 24. Re1 {[%emt 0:00:02]} Qg5 {[%emt 0:00:01]} 25. Ra2 {[%emt 0:00:03]} f3 {[%emt 0:00:01]} 26. g3 {[%emt 0:00:03]} Qg4 {[%emt 0:00:01]} 27. Qd3 {[%emt 0:00:01]} h5 {[%emt 0:00:02]} 28. Rb2 {[%emt 0:00:03]} h4 {[%emt 0:00:01]} 29. Qf1 {[%emt 0:00:01]} hxg3 {[%emt 0:00:01]} 30. hxg3 {[%emt 0:00:02]} Rf5 {[%emt 0:00:01]} 31. e4 {[%emt 0:00:02]} Rh5 {[%emt 0:00:01]} 32. Rb3 {[%emt 0:00:05]} Kf7 {[%emt 0:00:02]} 33. e5 {[%emt 0:00:01]} Rbh8 {[%emt 0:00:01]} 34. e6+ {[%emt 0:00:01]} Ke7 {[%emt 0:00:01]} 35. Rxf3 {[%emt 0:00:01]} Rh1+ {[%emt 0:00:01]} 36. Kg2 {[%emt 0:00:04]} R8h2# {[%emt 0:00:01] (Lag: Av=0.40s, max=0.8s)} 0-1

[Event "Stay Safe Play From Home 313"]
[Site "Emanuel Lasker Arena"]
[Date "2020.07.19"]
[Round "3"]
[White "Haxhi Baha"]
[Black "Tumnik_ad"]
[Result "0-1"]
[WhiteElo "1929"]
[BlackElo "1968"]
[PlyCount "76"]
[EventDate "2020.07.19"]
[EventType "swiss (blitz)"]

1. e4 {[%emt 0:00:02]} e6 {[%emt 0:00:00]} 2. d4 {[%emt 0:00:01]} b6 {[%emt 0:00:00]} 3. Bd3 {[%emt 0:00:02]} Bb7 {[%emt 0:00:00]} 4. Qe2 {[%emt 0:00:01]} Nf6 {[%emt 0:00:01]} 5. Nc3 {[%emt 0:00:01]} Bb4 {[%emt 0:00:01]} 6. Bd2 {[%emt 0:00:01]} d5 {[%emt 0:00:03]} 7. e5 {[%emt 0:00:01]} Bxc3 {[%emt 0:00:03]} 8. Bxc3 {[%emt 0:00:02]} Ne4 {[%emt 0:00:00]} 9. Bxe4 {[%emt 0:00:03]} dxe4 {[%emt 0:00:00]} 10. O-O-O {[%emt 0:00:01]} e3 {[%emt 0:00:01]} 11. fxe3 {[%emt 0:00:02]} Nc6 {[%emt 0:00:03]} 12. Nf3 {[%emt 0:00:01]} Ne7 {[%emt 0:00:01]} 13. e4 {[%emt 0:00:01]} Ng6 {[%emt 0:00:05]} 14. h4 {[%emt 0:00:01]} Nf4 {[%emt 0:00:07]} 15. Qd2 {[%emt 0:00:01]} Nh5 {[%emt 0:00:03]} 16. g4 {[%emt 0:00:02]} Ng3 {[%emt 0:00:04]} 17. d5 {[%emt 0:00:00]} Nxe4 {[%emt 0:00:00]} 18. Qe3 {[%emt 0:00:06]} Nxc3 {[%emt 0:00:02]} 19. Qxc3 {[%emt 0:00:01]} Bxd5 {[%emt 0:00:03]} 20. Ng5 {[%emt 0:00:04]} h6 {[%emt 0:00:03]} 21. Ne4 {[%emt 0:00:04]} Qe7 {[%emt 0:00:03]} 22. Rhe1 {[%emt 0:00:06]} Qxh4 {[%emt 0:00:08]} 23. Ng3 {[%emt 0:00:03]} Qe7 {[%emt 0:00:02]} 24. Rxd5 {[%emt 0:00:02]} exd5 {[%emt 0:00:02]} 25. Qc6+ {[%emt 0:00:01]} Qd7 {[%emt 0:00:02]} 26. Qxa8+ {[%emt 0:00:01]} Qd8 {[%emt 0:00:01]} 27. Qxd8+ {[%emt 0:00:01]} Kxd8 {[%emt 0:00:00]} 28. Nf5 {[%emt 0:00:00]} g6 {[%emt 0:00:01]} 29. Ne3 {[%emt 0:00:01]} c6 {[%emt 0:00:00]} 30. Rd1 {[%emt 0:00:01]} Ke7 {[%emt 0:00:00]} 31. c4 {[%emt 0:00:00]} Rd8 {[%emt 0:00:00]} 32. cxd5 {[%emt 0:00:01]} cxd5 {[%emt 0:00:00]} 33. Nxd5+ {[%emt 0:00:00]} Kf8 {[%emt 0:00:01]} 34. e6 {[%emt 0:00:01]} Rc8+ {[%emt 0:00:00]} 35. Kb1 {[%emt 0:00:01]} fxe6 {[%emt 0:00:00]} 36. Nf4 {[%emt 0:00:00]} Kg7 {[%emt 0:00:00]} 37. Rd7+ {[%emt 0:00:01]} Kg8 {[%emt 0:00:01]} 38. Nxe6 {[%emt 0:00:00]} Rc1+ {[%emt 0:00:00] Time (Lag: Av=0.62s, max=0.9s)} 0-1

[Event "Stay Safe Play From Home 313"]
[Site "Emanuel Lasker Arena"]
[Date "2020.07.19"]
[Round "3"]
[White "GIULIO19031975"]
[Black "Buzaglo"]
[Result "0-1"]
[WhiteElo "1782"]
[BlackElo "1861"]
[Annotator "NA"]
[PlyCount "80"]
[EventDate "2020.07.19"]
[EventType "swiss (blitz)"]

1. e4 {[%emt 0:00:05]} e6 {[%emt 0:00:00]} 2. Nf3 {[%emt 0:00:01]} d5 {[%emt 0:00:00]} 3. exd5 {[%emt 0:00:00]} exd5 {[%emt 0:00:01]} 4. d4 {[%emt 0:00:00]} Nf6 {[%emt 0:00:00]} 5. Be2 {[%emt 0:00:01]} c5 {[%emt 0:00:01]} 6. c3 {[%emt 0:00:00]} cxd4 {[%emt 0:00:01]} 7. cxd4 {[%emt 0:00:01]} Nc6 {[%emt 0:00:00]} 8. O-O {[%emt 0:00:01]} Bd6 {[%emt 0:00:01]} 9. a3 {[%emt 0:00:00]} O-O {[%emt 0:00:01]} 10. Nc3 {[%emt 0:00:00]} a6 {[%emt 0:00:01]} 11. Be3 {[%emt 0:00:01]} Re8 {[%emt 0:00:02]} 12. Bd3 {[%emt 0:00:01]} Bg4 {[%emt 0:00:01]} 13. h3 {[%emt 0:00:01]} Bh5 {[%emt 0:00:01]} 14. Qc2 {[%emt 0:00:02]} Bg6 {[%emt 0:00:01]} 15. Bxg6 {[%emt 0:00:01]} hxg6 {[%emt 0:00:00]} 16. Rad1 {[%emt 0:00:01]} Rc8 {[%emt 0:00:01]} 17. b4 {[%emt 0:00:01]} a5 {[%emt 0:00:05]} 18. b5 {[%emt 0:00:02]} Na7 {[%emt 0:00:00]} 19. a4 {[%emt 0:00:02]} Bb4 {[%emt 0:00:01]} 20. Bd2 {[%emt 0:00:01]} Ne4 {[%emt 0:00:02]} 21. Nxe4 {[%emt 0:00:04]} Rxc2 {[%emt 0:00:03]} 22. Bxb4 {[%emt 0:00:01]} axb4 {[%emt 0:00:03]} 23. Nc5 {[%emt 0:00:01]} Rxc5 {[%emt 0:00:07]} 24. dxc5 {[%emt 0:00:01]} Qa5 {[%emt 0:00:01]} 25. Ra1 {[%emt 0:00:03]} b3 {[%emt 0:00:01]} 26. Nd4 {[%emt 0:00:01]} Qc3 {[%emt 0:00:01]} 27. Ne2 {[%emt 0:00:04]} Qc2 {[%emt 0:00:01]} 28. Ng3 {[%emt 0:00:01]} b2 {[%emt 0:00:01]} 29. Rab1 {[%emt 0:00:01]} Nc8 {[%emt 0:00:02]} 30. c6 {[%emt 0:00:03]} bxc6 {[%emt 0:00:01]} 31. bxc6 {[%emt 0:00:00]} Nd6 {[%emt 0:00:01]} 32. Kh2 {[%emt 0:00:02]} Nc4 {[%emt 0:00:01]} 33. Nh1 {[%emt 0:00:01]} Rc8 {[%emt 0:00:01]} 34. Ng3 {[%emt 0:00:01]} Rxc6 {[%emt 0:00:01]} 35. Rfe1 {[%emt 0:00:02]} Rf6 {[%emt 0:00:03]} 36. f3 {[%emt 0:00:03]} Ne3 {[%emt 0:00:02]} 37. Re2 {[%emt 0:00:03]} Qxb1 {[%emt 0:00:01]} 38. Rxe3 {[%emt 0:00:01]} Qc1 {[%emt 0:00:01]} 39. Re8+ {[%emt 0:00:01]} Kh7 {[%emt 0:00:01]} 40. Ne2 {[%emt 0:00:01]} b1=Q {[%emt 0:00:01] Tempo (Lag: Av=0.56s, max=1.7s)} 0-1

[Event "Stay Safe Play From Home 313"]
[Site "Emanuel Lasker Arena"]
[Date "2020.07.19"]
[Round "4"]
[White "SoulofWolf"]
[Black "AChessPlayer"]
[Result "0-1"]
[WhiteElo "2200"]
[BlackElo "2427"]
[PlyCount "82"]
[EventDate "2020.07.19"]
[EventType "swiss (blitz)"]

1. Nf3 {[%emt 0:00:01]} d5 {[%emt 0:00:01]} 2. c4 {[%emt 0:00:00]} d4 {[%emt 0:00:01]} 3. e3 {[%emt 0:00:00]} c5 {[%emt 0:00:00]} 4. exd4 {[%emt 0:00:01]} cxd4 {[%emt 0:00:00]} 5. Bd3 {[%emt 0:00:00]} Nc6 {[%emt 0:00:00]} 6. O-O {[%emt 0:00:00]} g6 {[%emt 0:00:00]} 7. h3 {[%emt 0:00:00]} Bg7 {[%emt 0:00:00]} 8. a3 {[%emt 0:00:00]} a5 {[%emt 0:00:01]} 9. Re1 {[%emt 0:00:00]} Nf6 {[%emt 0:00:00]} 10. Bc2 {[%emt 0:00:01]} O-O {[%emt 0:00:00]} 11. d3 {[%emt 0:00:01]} Nd7 {[%emt 0:00:02]} 12. Nbd2 {[%emt 0:00:00]} Nc5 {[%emt 0:00:01]} 13. Nf1 {[%emt 0:00:03]} Re8 {[%emt 0:00:04]} 14. Bg5 {[%emt 0:00:01]} h6 {[%emt 0:00:01]} 15. Bh4 {[%emt 0:00:00]} Qc7 {[%emt 0:00:02]} 16. Bg3 {[%emt 0:00:01]} e5 {[%emt 0:00:02]} 17. N1d2 {[%emt 0:00:01]} f5 {[%emt 0:00:02]} 18. b4 {[%emt 0:00:02]} axb4 {[%emt 0:00:01]} 19. axb4 {[%emt 0:00:00]} Rxa1 {[%emt 0:00:01]} 20. Qxa1 {[%emt 0:00:00]} Nxb4 {[%emt 0:00:00]} 21. Bb1 {[%emt 0:00:01]} Nbxd3 {[%emt 0:00:01]} 22. Bxd3 {[%emt 0:00:00]} Nxd3 {[%emt 0:00:00]} 23. Rd1 {[%emt 0:00:00]} f4 {[%emt 0:00:02]} 24. Bh2 {[%emt 0:00:01]} Nc5 {[%emt 0:00:01]} 25. Re1 {[%emt 0:00:02]} Bf5 {[%emt 0:00:01]} 26. Nh4 {[%emt 0:00:02]} Qd7 {[%emt 0:00:03]} 27. Nxf5 {[%emt 0:00:02]} gxf5 {[%emt 0:00:00]} 28. f3 {[%emt 0:00:00]} d3 {[%emt 0:00:01]} 29. Qa5 {[%emt 0:00:04]} Qd4+ {[%emt 0:00:02]} 30. Kh1 {[%emt 0:00:00]} e4 {[%emt 0:00:01]} 31. Bg1 {[%emt 0:00:01]} e3 {[%emt 0:00:01]} 32. Nb1 {[%emt 0:00:02]} Qxc4 {[%emt 0:00:01]} 33. Na3 {[%emt 0:00:03]} Qc3 {[%emt 0:00:01]} 34. Qa7 {[%emt 0:00:03]} Qxe1 {[%emt 0:00:03]} 35. Qxc5 {[%emt 0:00:01]} d2 {[%emt 0:00:02]} 36. Qc4+ {[%emt 0:00:02]} Kh8 {[%emt 0:00:01]} 37. Qa4 {[%emt 0:00:03]} Rd8 {[%emt 0:00:02]} 38. Nc2 {[%emt 0:00:02]} d1=Q {[%emt 0:00:03]} 39. Nxe1 {[%emt 0:00:05]} Qxa4 {[%emt 0:00:01]} 40. Bxe3 {[%emt 0:00:03]} Rd1 {[%emt 0:00:00]} 41. Kh2 {[%emt 0:00:00]} Rxe1 {[%emt 0:00:01] SoulofWolf poddaje siê (Lag: Av=0.76s, max=1.6s)} 0-1

[Event "Stay Safe Play From Home 313"]
[Site "Emanuel Lasker Arena"]
[Date "2020.07.19"]
[Round "4"]
[White "Bardellosport"]
[Black "Rogan"]
[Result "0-1"]
[WhiteElo "2044"]
[BlackElo "2219"]
[PlyCount "66"]
[EventDate "2020.07.19"]
[EventType "swiss (blitz)"]

1. d4 {[%emt 0:00:01]} d5 {[%emt 0:00:03]} 2. e3 {[%emt 0:00:00]} c6 {[%emt 0:00:00]} 3. f4 {[%emt 0:00:00]} Nf6 {[%emt 0:00:02]} 4. Nf3 {[%emt 0:00:00]} Bg4 {[%emt 0:00:01]} 5. Be2 {[%emt 0:00:00]} Nbd7 {[%emt 0:00:01]} 6. Ne5 {[%emt 0:00:00]} Bxe2 {[%emt 0:00:01]} 7. Qxe2 {[%emt 0:00:00]} Ne4 {[%emt 0:00:01]} 8. O-O {[%emt 0:00:01]} g6 {[%emt 0:00:01]} 9. Nd2 {[%emt 0:00:01]} Nxd2 {[%emt 0:00:01]} 10. Bxd2 {[%emt 0:00:01]} f6 {[%emt 0:00:00]} 11. Nxd7 {[%emt 0:00:01]} Qxd7 {[%emt 0:00:00]} 12. e4 {[%emt 0:00:01]} O-O-O {[%emt 0:00:02]} 13. e5 {[%emt 0:00:00]} fxe5 {[%emt 0:00:02]} 14. fxe5 {[%emt 0:00:00]} e6 {[%emt 0:00:01]} 15. c3 {[%emt 0:00:01]} c5 {[%emt 0:00:01]} 16. Bg5 {[%emt 0:00:01]} Be7 {[%emt 0:00:01]} 17. Rf7 {[%emt 0:00:02]} Rde8 {[%emt 0:00:00]} 18. Bxe7 {[%emt 0:00:02]} Rxe7 {[%emt 0:00:01]} 19. Rxe7 {[%emt 0:00:02]} Qxe7 {[%emt 0:00:00]} 20. Rf1 {[%emt 0:00:01]} Rf8 {[%emt 0:00:00]} 21. Rxf8+ {[%emt 0:00:01]} Qxf8 {[%emt 0:00:00]} 22. Qf2 {[%emt 0:00:00]} Qxf2+ {[%emt 0:00:09]} 23. Kxf2 {[%emt 0:00:00]} cxd4 {[%emt 0:00:00]} 24. cxd4 {[%emt 0:00:01]} Kd7 {[%emt 0:00:01]} 25. Ke3 {[%emt 0:00:02]} Kc6 {[%emt 0:00:01]} 26. Kd3 {[%emt 0:00:01]} Kb5 {[%emt 0:00:01]} 27. Kc3 {[%emt 0:00:01]} Ka4 {[%emt 0:00:02]} 28. g4 {[%emt 0:00:02]} g5 {[%emt 0:00:01]} 29. h3 {[%emt 0:00:01]} a5 {[%emt 0:00:01]} 30. Kd3 {[%emt 0:00:01]} Kb4 {[%emt 0:00:00]} 31. Ke3 {[%emt 0:00:11]} Kc4 {[%emt 0:00:01]} 32. b3+ {[%emt 0:00:01]} Kc3 {[%emt 0:00:01]} 33. Kf3 {[%emt 0:00:02]} Kxd4 {[%emt 0:00:01] Bardellosport abbandona (Lag: Av=0.28s, max=0.4s)} 0-1

[Event "Stay Safe Play From Home 313"]
[Site "Emanuel Lasker Arena"]
[Date "2020.07.19"]
[Round "4"]
[White "Tumnik_ad"]
[Black "Buzaglo"]
[Result "0-1"]
[WhiteElo "1983"]
[BlackElo "1875"]
[PlyCount "106"]
[EventDate "2020.07.19"]
[EventType "swiss (blitz)"]

1. c3 {[%emt 0:00:01]} e6 {[%emt 0:00:00]} 2. d3 {[%emt 0:00:00]} d5 {[%emt 0:00:00]} 3. Nd2 {[%emt 0:00:01]} Nf6 {[%emt 0:00:00]} 4. h3 {[%emt 0:00:00]} c5 {[%emt 0:00:00]} 5. g4 {[%emt 0:00:00]} Nc6 {[%emt 0:00:00]} 6. Bg2 {[%emt 0:00:01]} e5 {[%emt 0:00:01]} 7. Nf1 {[%emt 0:00:00]} e4 {[%emt 0:00:01]} 8. dxe4 {[%emt 0:00:02]} dxe4 {[%emt 0:00:00]} 9. Qxd8+ {[%emt 0:00:01]} Nxd8 {[%emt 0:00:01]} 10. g5 {[%emt 0:00:02]} Nh5 {[%emt 0:00:02]} 11. Bxe4 {[%emt 0:00:01]} Bd6 {[%emt 0:00:02]} 12. Bf3 {[%emt 0:00:01]} g6 {[%emt 0:00:01]} 13. Bxh5 {[%emt 0:00:02]} gxh5 {[%emt 0:00:00]} 14. Nf3 {[%emt 0:00:02]} Ne6 {[%emt 0:00:04]} 15. Ng3 {[%emt 0:00:02]} Bxg3 {[%emt 0:00:02]} 16. fxg3 {[%emt 0:00:00]} Bd7 {[%emt 0:00:01]} 17. Ne5 {[%emt 0:00:02]} Bb5 {[%emt 0:00:04]} 18. c4 {[%emt 0:00:02]} Ba6 {[%emt 0:00:03]} 19. b3 {[%emt 0:00:01]} b5 {[%emt 0:00:01]} 20. Bb2 {[%emt 0:00:02]} bxc4 {[%emt 0:00:01]} 21. Nxc4 {[%emt 0:00:00]} Nd4 {[%emt 0:00:02]} 22. Nd6+ {[%emt 0:00:09]} Kf8 {[%emt 0:00:02]} 23. Bxd4 {[%emt 0:00:01]} cxd4 {[%emt 0:00:00]} 24. Nc4 {[%emt 0:00:02]} Bxc4 {[%emt 0:00:02]} 25. bxc4 {[%emt 0:00:00]} Rc8 {[%emt 0:00:00]} 26. Rc1 {[%emt 0:00:00]} Kg7 {[%emt 0:00:01]} 27. Kd2 {[%emt 0:00:01]} Kg6 {[%emt 0:00:01]} 28. h4 {[%emt 0:00:02]} Rhe8 {[%emt 0:00:01]} 29. Rhf1 {[%emt 0:00:03]} Re3 {[%emt 0:00:03]} 30. Rxf7 {[%emt 0:00:02]} Kxf7 {[%emt 0:00:01]} 31. Rf1+ {[%emt 0:00:02]} Kg7 {[%emt 0:00:01]} 32. Rf4 {[%emt 0:00:01]} Rxg3 {[%emt 0:00:01]} 33. Rxd4 {[%emt 0:00:01]} Ra3 {[%emt 0:00:02]} 34. Rd7+ {[%emt 0:00:01]} Kg6 {[%emt 0:00:01]} 35. Rd6+ {[%emt 0:00:01]} Kf5 {[%emt 0:00:01]} 36. Rf6+ {[%emt 0:00:01]} Kg4 {[%emt 0:00:01]} 37. Ke1 {[%emt 0:00:01]} Kxh4 {[%emt 0:00:01]} 38. Kf2 {[%emt 0:00:01]} Kxg5 {[%emt 0:00:01]} 39. Rd6 {[%emt 0:00:00]} Rxc4 {[%emt 0:00:02]} 40. Rd5+ {[%emt 0:00:00]} Kh4 {[%emt 0:00:02]} 41. Rd6 {[%emt 0:00:00]} Kh3 {[%emt 0:00:01]} 42. Rd5 {[%emt 0:00:01]} h4 {[%emt 0:00:00]} 43. Rd1 {[%emt 0:00:01]} Rf4+ {[%emt 0:00:00]} 44. Ke1 {[%emt 0:00:01]} Kg4 {[%emt 0:00:00]} 45. Rd6 {[%emt 0:00:01]} Kh5 {[%emt 0:00:00]} 46. Rd7 {[%emt 0:00:00]} Rxa2 {[%emt 0:00:00]} 47. Rxh7+ {[%emt 0:00:00]} Kg6 {[%emt 0:00:00]} 48. Rxh4 {[%emt 0:00:01]} Ra1+ {[%emt 0:00:00]} 49. Kd2 {[%emt 0:00:01]} Rxh4 {[%emt 0:00:00]} 50. Ke3 {[%emt 0:00:00]} Rh2 {[%emt 0:00:00]} 51. Kf4 {[%emt 0:00:01]} Rxe2 {[%emt 0:00:00]} 52. Kg4 {[%emt 0:00:01]} Rb2 {[%emt 0:00:00]} 53. Kg3 {[%emt 0:00:00]} Ra4 {[%emt 0:00:00] Âðåìÿ (Lag: Av=0.40s, max=0.9s)} 0-1

[Event "Stay Safe Play From Home 313"]
[Site "Emanuel Lasker Arena"]
[Date "2020.07.19"]
[Round "4"]
[White "Haxhi Baha"]
[Black "NeatFox"]
[Result "1-0"]
[WhiteElo "1913"]
[BlackElo "1886"]
[PlyCount "55"]
[EventDate "2020.07.19"]
[EventType "swiss (blitz)"]

1. e4 {[%emt 0:00:01]} c6 {[%emt 0:00:01]} 2. Nf3 {[%emt 0:00:01]} d5 {[%emt 0:00:00]} 3. Nc3 {[%emt 0:00:00]} dxe4 {[%emt 0:00:01]} 4. Nxe4 {[%emt 0:00:00]} Nf6 {[%emt 0:00:00]} 5. Nc3 {[%emt 0:00:01]} e6 {[%emt 0:00:01]} 6. Bc4 {[%emt 0:00:01]} Bd6 {[%emt 0:00:07]} 7. d3 {[%emt 0:00:01]} O-O {[%emt 0:00:00]} 8. Bg5 {[%emt 0:00:01]} Nbd7 {[%emt 0:00:01]} 9. Qd2 {[%emt 0:00:01]} b6 {[%emt 0:00:00]} 10. O-O-O {[%emt 0:00:02]} Bb7 {[%emt 0:00:00]} 11. h4 {[%emt 0:00:01]} Qc7 {[%emt 0:00:01]} 12. h5 {[%emt 0:00:02]} h6 {[%emt 0:00:00]} 13. Bxh6 {[%emt 0:00:02]} gxh6 {[%emt 0:00:00]} 14. Qxh6 {[%emt 0:00:01]} Rfd8 {[%emt 0:00:01]} 15. Kb1 {[%emt 0:00:01]} Bf8 {[%emt 0:00:03]} 16. Qg5+ {[%emt 0:00:02]} Kh8 {[%emt 0:00:05]} 17. h6 {[%emt 0:00:01]} Nh7 {[%emt 0:00:02]} 18. Qh5 {[%emt 0:00:02]} Ndf6 {[%emt 0:00:03]} 19. Qh4 {[%emt 0:00:02]} Be7 {[%emt 0:00:02]} 20. Rhe1 {[%emt 0:00:05]} c5 {[%emt 0:00:04]} 21. Ne4 {[%emt 0:00:02]} Bxe4 {[%emt 0:00:03]} 22. dxe4 {[%emt 0:00:01]} Rxd1+ {[%emt 0:00:03]} 23. Rxd1 {[%emt 0:00:00]} Rd8 {[%emt 0:00:00]} 24. Rg1 {[%emt 0:00:03]} a6 {[%emt 0:00:08]} 25. a3 {[%emt 0:00:02]} b5 {[%emt 0:00:00]} 26. Be2 {[%emt 0:00:02]} Nd5 {[%emt 0:00:07]} 27. Qg4 {[%emt 0:00:03]} Ndf6 {[%emt 0:00:01]} 28. Qg7# {[%emt 0:00:01] (Lag: Av=0.66s, max=0.8s)} 1-0

[Event "Stay Safe Play From Home 313"]
[Site "Emanuel Lasker Arena"]
[Date "2020.07.19"]
[Round "4"]
[White "Trotsky"]
[Black "GIULIO19031975"]
[Result "0-1"]
[WhiteElo "1588"]
[BlackElo "1769"]
[Annotator "NA"]
[PlyCount "54"]
[EventDate "2020.07.19"]
[EventType "swiss (blitz)"]

1. d4 {[%emt 0:00:01]} d5 {[%emt 0:00:02]} 2. e3 {[%emt 0:00:00]} Nf6 {[%emt 0:00:01]} 3. c4 {[%emt 0:00:01]} e6 {[%emt 0:00:00]} 4. Nc3 {[%emt 0:00:01]} c6 {[%emt 0:00:00]} 5. Nf3 {[%emt 0:00:01]} Be7 {[%emt 0:00:00]} 6. Qc2 {[%emt 0:00:01]} Nbd7 {[%emt 0:00:00]} 7. Bd3 {[%emt 0:00:01]} h6 {[%emt 0:00:00]} 8. Bd2 {[%emt 0:00:02]} dxc4 {[%emt 0:00:00]} 9. Bxc4 {[%emt 0:00:01]} b5 {[%emt 0:00:00]} 10. Bd3 {[%emt 0:00:01]} Bb7 {[%emt 0:00:00]} 11. h4 {[%emt 0:00:02]} Rc8 {[%emt 0:00:01]} 12. O-O-O {[%emt 0:00:01]} a6 {[%emt 0:00:01]} 13. Kb1 {[%emt 0:00:01]} c5 {[%emt 0:00:01]} 14. d5 {[%emt 0:00:05]} c4 {[%emt 0:00:01]} 15. Be4 {[%emt 0:00:02]} b4 {[%emt 0:00:01]} 16. dxe6 {[%emt 0:00:07]} bxc3 {[%emt 0:00:03]} 17. exf7+ {[%emt 0:00:04]} Kf8 {[%emt 0:00:01]} 18. Bxc3 {[%emt 0:00:03]} Bxe4 {[%emt 0:00:02]} 19. Qxe4 {[%emt 0:00:17]} Nxe4 {[%emt 0:00:04]} 20. Ne5 {[%emt 0:00:01]} Nxe5 {[%emt 0:00:04]} 21. Rxd8+ {[%emt 0:00:02]} Rxd8 {[%emt 0:00:01]} 22. Bxe5 {[%emt 0:00:01]} Nxf2 {[%emt 0:00:03]} 23. Rf1 {[%emt 0:00:02]} Nd3 {[%emt 0:00:01]} 24. Kc2 {[%emt 0:00:01]} Bf6 {[%emt 0:00:01]} 25. Bxf6 {[%emt 0:00:01]} gxf6 {[%emt 0:00:01]} 26. Kc3 {[%emt 0:00:01]} Kxf7 {[%emt 0:00:01]} 27. Kxc4 {[%emt 0:00:01]} Nxb2+ {[%emt 0:00:01] ' Âðåìÿ (Lag: Av=0.49s, max=0.9s) .} 0-1